Statistics for Marvel Villains Starting with H (by picture)

Click here to take the quiz!

General Stats

  • This quiz has been taken 15 times
  • The average score is 10 of 17

Answer Stats

Answer% Correct
Hela
100%
Hippo
100%
Hammerhead
91%
Harpy
91%
Hobgoblin
91%
Hobgoblin (Phil Urich)
91%
Hydro-Man
91%
High-Evolutionary
82%
Harpoon
55%
Hypno-Hustler
55%
Human Fly
45%
Hate-Monger
36%
Her
27%
Hijacker
27%
Hurricane
27%
Hijinx
18%
Humbug
18%

Score Distribution

Percentile by Number Answered

Percent of People with Each Score

Your Score History

You have not taken this quiz